La escuela hebrea de Córdoba (Record no. 150196)

MARC details
000 -LEADER
campo de control de longitud fija 00746nam a2200193 i 4500
001 - NÚMERO DE CONTROL
campo de control 150196
003 - IDENTIFICADOR DE NÚMERO DE CONTROL
campo de control ES-MaACL
007 - CAMPO FIJO DE DESCRIPCIÓN FÍSICA--INFORMACIÓN GENERAL
campo de control de longitud fija t|
008 - DATOS DE LONGITUD FIJA--INFORMACIÓN GENERAL
campo de control de longitud fija 071029s1981 sp ||||1| spa d
100 1# - ENTRADA PRINCIPAL--NOMBRE DE PERSONA
Nombre de persona Valle, Carlos del.
9 (RLIN) 112754
245 13 - MENCIÓN DEL TÍTULO
Título La escuela hebrea de Córdoba
Resto del título : los orígenes de la escuela filológica hebrea de Córdoba /
Mención de responsabilidad, etc. Carlos del Valle Rodríguez.
260 ## - PUBLICACIÓN, DISTRIBUCIÓN, ETC.
Lugar de publicación, distribución, etc. Madrid :
Nombre del editor, distribuidor, etc. Editora Nacional,
Fecha de publicación, distribución, etc. [1981]
300 ## - DESCRIPCIÓN FÍSICA
Extensión 637 p. ;
Dimensiones 18 cm.
490 1# - MENCIÓN DE SERIE
Mención de serie Biblioteca de la literatura y el pensamiento hispánicos ;
Designación de volumen o secuencia 45
650 14 - PUNTO DE ACCESO ADICIONAL DE MATERIA--TÉRMINO DE MATERIA
Término de materia o nombre geográfico como elemento de entrada Filología hebrea-
Subdivisión geográfica Al-Andalus-
Subdivisión de forma Historia.
9 (RLIN) 12798
830 0# - PUNTO DE ACCESO ADICIONAL DE SERIE-TÍTULO UNIFORME
Título uniforme Biblioteca de la literatura y el pensamiento hispánicos ;
Designación de volumen o secuencia 45
9 (RLIN) 180925
852 ## - LOCALIZACIÓN
Ubicación ES-MaACL
Número de control de estantería L-618
Sublocalización o colección R.101305
Holdings
Estatus retirado Estado de pérdida Estado de daño No para préstamo Biblioteca de origen Biblioteca actual Ubicación en estantería Fecha de adquisición Fuente de adquisición Total de préstamos Signatura topográfica completa Código de barras Visto por última vez Precio de reemplazo Tipo de ítem Koha
        Biblioteca del Ateneo de Madrid Biblioteca del Ateneo de Madrid Depósito 2 17/01/2008     L-618 1156728 23/02/2023 23/02/2023 Libro impreso